00848nas a2200253 a 4500001001900000003000400019005001700023008004100040020001500081035002500096035002100121040002400142080001400166245010600180260003700286300003200323546003500355650002000390650004900410650004000459700002400499700001900523710005200542991028595929706706OSt20211217130653.0041025c19999999sp || ||| ||| 0 ||spa|c a8492275944 a(ES-BaCBU).b32264392 a(OCoLC)803212085 aES-BaCBUbcatcCDMR a070.4(05)00aInnovaciones en periódicos :binforme mundial 2000c/ [Editores: Juan Antonio Giner, Barry Sussman] aPamplona :bInnovation,cDL 2000 a67 pàginesb: il.;c30 cm aEs publica també en anglès04aDiarisxDisseny07aDiarisxCompaginació i composició2lemac04aPremsaxInnovacions tecnològiques1 aGiner, Juan Antonio aSussman, Barry2 aInnovation International Media Consulting Group